00438nam a2200121Ia 4500008004100000245012900041260004500170260000900215300000800224500000900232650001300241856006200254170516s9999 xx 000 0 und d 2aA rapid and sensitive determination of paclitaxel in rat plasma by UPLC-MS/MS method: Application to a pharmacokinetic study bAsian Journal of Pharmaceutical Sciences c2013 a8:3 aJune xPharmacy uhttp://www.sciencedirect.com/science/journal/18180876/8/3